000 00332nam a22001457a 4500
003 OSt
005 20220218100001.0
008 220218b |||||||| |||| 00| 0 eng d
020 _a0070444749
040 _cHU
082 _a658.84
100 _aElsenpeter
_930802
245 _aE Business A Beginner's Guide
942 _2ddc
_cBOOKS
_n0
999 _c30753
_d30753